Welcome to the Holygrace Academy Library

Please use search bar below to get started

QUESTION BANK IN MATHEMATICS (Record no. 966)

MARC details
000 -LEADER
fixed length control field 00340nam a22001337a 4500
020 ## - INTERNATIONAL STANDARD BOOK NUMBER
ISBN 0-07-058567-9
082 ## - DEWEY DECIMAL CLASSIFICATION NUMBER
Classification number 510
Item number DUB/Q
100 ## - MAIN ENTRY--AUTHOR NAME
Personal name MANOJ DUBEY
245 ## - TITLE STATEMENT
Title QUESTION BANK IN MATHEMATICS
Remainder of title CLASS VII
260 ## - PUBLICATION, DISTRIBUTION, ETC. (IMPRINT)
Place of publication DELHI
Name of publisher TATA McGRAW HILL PUBLICATIONS
Year of publication 2004
300 ## - PHYSICAL DESCRIPTION
Number of Pages 229
650 ## - SUBJECT ADDED ENTRY--TOPICAL TERM
Topical Term QUESTION BANK SERIES MATHS
Geographic subdivision INDIA
942 ## - ADDED ENTRY ELEMENTS (KOHA)
Koha item type Books
Holdings
Withdrawn status Lost status Collection code Home library Current library Shelving location Date acquired Source of acquisition Full call number Accession Number Koha item type
    Reference Main Library Main Library SHELF 7E CLASS 7,8,9 MIX 08/09/2004 purchase 510 DUB/Q 01729 Books
    Reference Main Library Main Library SHELF 7E CLASS 7,8,9 MIX 08/09/2004 purchase 510 DUB/Q 01730 Books